000 00334nam a2200133Ia 4500
005 20251222154308.0
008 251222s9999||||xx |||||||||||||| ||spa||
020 _a978-950-06-1369-9
082 _a611/L28/2013/T.2
100 _a"Latarjet, MichelRuiz Liard, Alfredo"
245 0 _aAnatomía humana
250 _a4a.ed.
942 _cLIB
999 _c33299
_d33299